Entry Personal Name
Number of records used in: 1
001 - CONTROL NUMBER
003 - CONTROL NUMBER IDENTIFIER
005 - DATE AND TIME OF LATEST TRANSACTION
- control field:
20180615110135.0
008 - FIXED-LENGTH DATA ELEMENTS
- fixed length control field:
180615|| aca||aabn | a|a d
040 ## - CATALOGING SOURCE
- Original cataloging agency:
OSt
- Transcribing agency:
OSt
100 ## - HEADING--PERSONAL NAME
- Personal name:
Horngern, Datar & Foster
670 ## - SOURCE DATA FOUND
- Source citation:
Work cat.: (OSt)1861: Horngern, Datar & Foster, Cost Accounting A Managerial Emphasis, 2004